Ius occidendi et ius accusandi en la lex iulia de adulteriis coercendis
Uloženo v:
| Hlavní autor: | |
|---|---|
| Médium: | Kniha |
| Jazyk: | španělština |
| Vydáno: |
Valencia
Tirant lo Blanch
2001
|
| Edice: | Tirant Monografías, 188
|
| Témata: | |
| Tagy: |
Přidat tag
Žádné tagy, Buďte první, kdo vytvoří štítek k tomuto záznamu!
|
MARC
| LEADER | 00000nam a2200000 a 4500 | ||
|---|---|---|---|
| 001 | UCN3061 | ||
| 003 | CL-VaPUC | ||
| 008 | 010615e20010000SP |||||||||||||||||spa|d | ||
| 082 | 0 | 4 | |a 340.54 |b PAN |2 21 |
| 100 | |a Panero Oria, Patricia |e autora |9 459484 | ||
| 245 | 1 | 0 | |a Ius occidendi et ius accusandi en la lex iulia de adulteriis coercendis |
| 300 | |a 334 p | ||
| 942 | |c BK | ||
| 945 | |d 20010615 00:00:00 |a vberengu | ||
| 260 | |a Valencia |b Tirant lo Blanch |c 2001 | ||
| 650 | 0 | |a Derecho romano |9 255930 | |
| 650 | 0 | |a Adulterio |9 320729 | |
| 583 | |a last modification |c 20010615 00:00:00 |k Rodrigo Vera | ||
| 490 | 0 | |a Tirant Monografías, 188 | |
| 999 | |c 296072 |d 296070 | ||
| 952 | |0 0 |1 0 |4 0 |6 340_540000000000000_PAN_2001 |7 0 |8 DER_ROM |9 349638 |a BIBDER |b BIBDER |d 2019-11-20 |i 3728455 |o 340.54 PAN 2001 |p 3728455 |r 2023-01-25 |w 2019-11-20 |x Ubicación 4to piso |y BK |z Este recurso debe solicitarse con anticipación |k DER | ||